000 00590nam a2200205Ia 4500
005 20260429112125.0
008 260429s9999||||xx |||||||||||||| ||und||
020 _a9781032605159
041 _aEnglish
082 _a332
_bARJ
100 _aArjunwadkar, Parag Y.
245 0 _aFinTech :
_bthe technology driving disruption in the financial services industry /
_cParag Y. Arjunwadkar
250 _a1st ed.
260 _aBoca Raton :
_bCRC Press,
_c2026.
300 _axiii, 261 p.; pbk
650 _a Dinancial services
650 _a Driving
650 _aTechnology
942 _cTB
999 _c52468
_d52468